| 000 | 00513pam a2200181 a 4500 | ||
|---|---|---|---|
| 020 | _a0195208374 | ||
| 040 | _cDLC | ||
| 082 | 0 | 0 | _a519 ARN 1990 A063 Or. |
| 100 | 1 | _aKendall, Maurice G. | |
| 245 | 1 | 0 | _aRank correlation methods / |
| 250 | _a5th ed. | ||
| 260 |
_aLondon : _bE. Arnold ; _aNew York, NY : _bOxford University Press, _cc1990. |
||
| 300 |
_avii, 260 p. : _c25 cm. |
||
| 500 | _a"A Charles Griffin title." | ||
| 650 | 0 | _aCorrelation (Statistics) | |
| 700 | 1 | _aGibbons, Jean Dickinson, | |
| 942 | _cEK | ||
| 999 |
_c15349 _d15349 |
||